[Event "Hofmann Cup"]
[Site "Baden-Baden"]
[Date "1995.??.??"]
[Round "5"]
[White "Karpov, Anatoly"]
[Black "Vaisser, Anatoli"]
[Result "1-0"]
[WhiteElo "2775"]
[BlackElo "2555"]
[PlyCount "134"]
[EventDate "1995.??.??"]
[Source "www.chesslib.no"]
[SourceDate "2004.05.04"]

1. d4 e6 2. c4 f5 3. g3 Nf6 4. Bg2 d5 5. Nh3 c6 6. Qc2 Bd6 7. Bf4 Be7 8. Nd2 O-O 9. O-O Nh5 10. Nf3 Nd7 11. Bg5 h6 12. Bxe7 Qxe7 13. e3 g5 14. Ne1 Ndf6 15. Nd3 Bd7 16. f4 Ng4 17. Rfe1 Qg7 18. Nhf2 gxf4 19. Nxg4 fxg4 20. gxf4 Be8 21. Ne5 Nf6 22. Qf2 Bg6 23. Qh4 Bf5 24. c5 Kh7 25. Kf2 Nd7 26. Nxd7 Qxd7 27. h3 Rg8 28. hxg4 Rxg4 29. Qh2 b6 30. Bf3 Rg6 31. Bh5 Rg7 32. Rh1 Rag8 33. Bf3 Rg6 34. cxb6 axb6 35. Rag1 c5 36. Rxg6 Rxg6 37. Bh5 Rf6 38. Qh4 Qd8 39. Rg1 Rf8 40. Qg3 Qf6 41. Rd1 Rg8 42. Qh2 cxd4 43. Rxd4 Rc8 44. Bd1 Be4 45. Rd2 e5 46. Bf3 Bxf3 47. Kxf3 d4 48. exd4 exd4 49. Qe2 Rd8 50. Qe4+ Kh8 51. b3 b5 52. a3 Qf7 53. Qe5+ Kh7 54. Qxb5 Qe6 55. Qb7+ Kh8 56. Kf2 Qf6 57. Qf3 Rg8 58. Ke2 Qe6+ 59. Kf2 Qg6 60. Ke2 Re8+ 61. Kf2 Re3 62. Qa8+ Re8 63. Qd5 Rg8 64. Qxd4+ Rg7 65. Ke2 Qa6+ 66. Qc4 Rg8 67. Ke1 Qxc4 1-0

[Event "RUS"]
[Site "?"]
[Date "2006.04.25"]
[Round "6"]
[White "Alekseev Evgeny"]
[Black "Moiseenko Alexander"]
[Result "1/2-1/2"]
[WhiteElo "2640"]
[BlackElo "2662"]
[PlyCount "120"]
[EventDate "2006.??.??"]
[Source "www.chesslib.no"]
[SourceDate "2004.05.04"]

1. d4 f5 2. c4 e6 3. Nf3 Nf6 4. g3 d5 5. Bg2 c6 6. O-O Bd6 7. b3 Qe7 8. Bb2 b6 9. Ne5 Bb7 10. Nd2 O-O 11. Rc1 a5 12. e3 Na6 13. Qe2 Bxe5 14. dxe5 Ne4 15. Rfd1 a4 16. Nb1 Nb4 17. Ba3 axb3 18. axb3 c5 19. f3 Ng5 20. h4 Nf7 21. Bxb4 cxb4 22. f4 dxc4 23. Bxb7 Qxb7 24. Rxc4 Rfd8 25. Rxd8+ Nxd8 26. Nd2 Nc6 27. Qg2 Rc8 28. Rd4 Qe7 29. Rd6 Na5 30. Kh2 h6 31. e4 Rc2 32. exf5 Nxb3 33. fxe6 Rxd2 34. Rxd2 Nxd2 35. Qxd2 Qxe6 36. Qxb4 h5 37. Kg1 Qc6 38. Kf2 Kf7 39. Qb3+ Ke7 40. Ke3 b5 41. Kd4 Qb6+ 42. Ke4 Qc6+ 43. Kf5 Qc8+ 44. Ke4 Qc6+ 45. Kd4 Qb6+ 46. Kd3 Qg6+ 47. Kd2 Qc6 48. Qc3 Qg2+ 49. Kc1 Qe2 50. Qd2 Qf3 51. Qd6+ Ke8 52. Qg6+ Kf8 53. Kb2 b4 54. Qd6+ Ke8 55. Qb8+ Kd7 56. Qb5+ Kd8 57. Qxb4 Qf2+ 58. Kb3 Qxg3+ 59. Ka4 Qxh4 60. Qf8+ Kd7 1/2-1/2

[Event "ch-Euro Blitz"]
[Site "Ajaccio FRA"]
[Date "2007.10.25"]
[Round "7"]
[White "Van Wely, L."]
[Black "Jussupow, Ar"]
[Result "1-0"]
[WhiteElo "2679"]
[BlackElo "2583"]
[PlyCount "117"]
[EventDate "2007.10.25"]
[Source "www.chesslib.no"]
[SourceDate "2004.05.04"]

1. d4 e6 2. c4 f5 3. g3 Nf6 4. Bg2 d5 5. Nf3 c6 6. O-O Bd6 7. b3 Qe7 8. Ne5 b6 9. Qc2 Bb7 10. Nd2 O-O 11. Ndf3 a5 12. Bf4 Na6 13. Nd3 Ba3 14. Nfe5 Rac8 15. Rad1 Ne4 16. f3 Nf6 17. cxd5 cxd5 18. Qd2 Nb4 19. Ne1 Ba6 20. h3 Ne8 21. g4 Nd6 22. Rf2 Rc7 23. N5d3 Rfc8 24. Bg5 Qe8 25. Nxb4 Bxb4 26. Qe3 Nf7 27. gxf5 exf5 28. Qxe8+ Rxe8 29. Bf4 Rcc8 30. Bf1 g5 31. Rg2 h6 32. h4 Be7 33. hxg5 hxg5 34. Nd3 Kf8 35. Be5 Rc2 36. e3 Rec8 37. Rxc2 Rxc2 38. Ne1 Bxf1 39. Nxc2 Be2 40. Rc1 Bxf3 41. Ne1 Be4 42. Rc8+ Bd8 43. Bf6 Ke8 44. Rb8 Kd7 45. Rb7+ Ke6 46. Bxd8 Nxd8 47. Rxb6+ Kd7 48. Kf2 g4 49. Ng2 Nc6 50. Rb7+ Kd6 51. Nf4 Nb4 52. Ra7 Nxa2 53. Rxa5 Nc1 54. Ra6+ Kc7 55. b4 Bd3 56. Rf6 Kd7 57. Kg3 Ke7 58. Rh6 Kd7 59. Rh7+ 1-0

[Event "ch-Euro Blitz"]
[Site "Ajaccio FRA"]
[Date "2007.10.26"]
[Round "32"]
[White "Karpov, Ana"]
[Black "Jussupow, Ar"]
[Result "1-0"]
[WhiteElo "2670"]
[BlackElo "2583"]
[PlyCount "76"]
[EventDate "2007.10.25"]
[Source "www.chesslib.no"]
[SourceDate "2004.05.04"]

1. d4 e6 2. c4 f5 3. g3 Nf6 4. Bg2 d5 5. Nf3 c6 6. Qc2 Bd6 7. O-O O-O 8. b3 Qe7 9. Nc3 Bd7 10. Na4 Be8 11. Nb2 Nbd7 12. Nd3 Ne4 13. Bf4 Ba3 14. Nfe5 g5 15. Nxd7 Bxd7 16. Be5 b6 17. f3 Nf6 18. c5 bxc5 19. dxc5 a5 20. Bd6 Qg7 21. Bxf8 Qxf8 22. Qc3 Bc8 23. b4 axb4 24. Nxb4 Bb7 25. Rab1 Nd7 26. Nxd5 cxd5 27. Rxb7 Qxc5+ 28. Qxc5 Bxc5+ 29. Kh1 Nf6 30. e4 Rxa2 31. exf5 exf5 32. Rc1 Bf8 33. Rb8 d4 34. Bf1 Ra7 35. Bd3 Nd7 36. Rd8 f4 37. Be4 Nf6 38. Bf5 fxg3 1-0

[Event "Dubai 88/(45)"]
[Site "?"]
[Date "2003.??.??"]
[Round "?"]
[White "Sakaev, K."]
[Black "Ulibin, M."]
[Result "1/2-1/2"]
[WhiteElo "2664"]
[BlackElo "2562"]
[PlyCount "32"]
[EventDate "2003.??.??"]
[Source "Chess Informant"]
[SourceDate "2003.06.01"]

1. d4 e6 2. c4 f5 3. g3 Nf6 4. Bg2 c6 5. Nd2 d5 6. Qc2 Bd6 7. Nh3 O-O 8. O-O h6 9. Nf4 Bxf4 10. gxf4 Bd7 11. b3 Kh8 12. Nf3 Be8 13. Ne5 Nbd7 14. Nd3 Rg8 15. f3 Rc8 16. Be3 g5 1/2-1/2

[Event "Pardubice"]
[Site "Pardubice CZE"]
[Date "1993.??.??"]
[Round "9"]
[White "Malaniuk, Vladimir P"]
[Black "Dolmatov, Sergey V"]
[Result "1/2-1/2"]
[WhiteElo "2600"]
[BlackElo "2615"]
[PlyCount "24"]
[EventDate "1993.??.??"]
[Source "www.chesslib.no"]
[SourceDate "2004.05.04"]

1. d4 e6 2. c4 f5 3. g3 Nf6 4. Bg2 c6 5. Nf3 d5 6. O-O Bd6 7. b3 Qe7 8. Bb2 b6 9. Nbd2 Bb7 10. Rc1 O-O 11. Ne5 a5 12. e3 Ne4 1/2-1/2

[Event "Groningen PCA"]
[Site "Groningen"]
[Date "1993.??.??"]
[Round "8"]
[White "Lutz, Christopher"]
[Black "Agdestein, Simen"]
[Result "1-0"]
[WhiteElo "2605"]
[BlackElo "2610"]
[PlyCount "53"]
[EventDate "1993.12.??"]
[Source "ChessBase"]

1. d4 e6 2. c4 f5 3. g3 Nf6 4. Bg2 c6 5. Nf3 d5 6. O-O Bd6 7. b3 Qe7 8. Ne5 O-O 9. Bf4 b6 10. Nd2 Nh5 11. e3 Nxf4 12. exf4 Bb7 13. Re1 Rf6 14. Qc1 Ba3 15. Qc2 Nd7 16. Nxc6 Bxc6 17. cxd5 Bb5 18. dxe6 Re8 19. exd7 Qxe1+ 20. Rxe1 Rxe1+ 21. Nf1 Bxd7 22. b4 Rd6 23. Qb3+ Kf8 24. Qxa3 Rxd4 25. Qxa7 Rd6 26. a4 Ra1 27. a5 1-0

[Event "Groningen PCA"]
[Site "Groningen"]
[Date "1993.??.??"]
[Round "6"]
[White "Ruban, Vadim"]
[Black "Agdestein, Simen"]
[Result "1/2-1/2"]
[WhiteElo "2590"]
[BlackElo "2610"]
[PlyCount "64"]
[EventDate "1993.12.??"]
[Source "ChessBase"]

1. d4 f5 2. g3 Nf6 3. Bg2 e6 4. Nf3 d5 5. O-O Bd6 6. c4 c6 7. b3 Qe7 8. Ne5 O-O 9. Nd2 a5 10. Bb2 Ra7 11. Qc2 b6 12. Rfc1 Bb7 13. c5 bxc5 14. dxc5 Bc7 15. a3 Nbd7 16. Ndf3 Nxe5 17. Nxe5 Nd7 18. Nxd7 Qxd7 19. e3 Ba6 20. Bf1 Bxf1 21. Rxf1 e5 22. b4 f4 23. exf4 exf4 24. Rfe1 Bd8 25. Qe2 Bf6 26. Bxf6 Rxf6 27. Rab1 axb4 28. axb4 Rb7 29. Qe8+ Qxe8 30. Rxe8+ Kf7 31. Rc8 h5 32. gxf4 Rxf4 1/2-1/2

[Event "ECC, Panormo GRE"]
[Site "?"]
[Date "2001.??.??"]
[Round "5"]
[White "Hracek, Z."]
[Black "Dolmatov, S."]
[Result "1/2-1/2"]
[WhiteElo "2610"]
[BlackElo "2575"]
[PlyCount "65"]
[EventDate "2001.??.??"]
[Source "www.chesslib.no"]
[SourceDate "2004.05.04"]

1. d4 f5 2. g3 Nf6 3. c4 e6 4. Bg2 c6 5. Qc2 d5 6. Nh3 Bd6 7. O-O O-O 8. Nd2 b6 9. Nf3 Ne4 10. Nf4 Qe7 11. Nd3 Nd7 12. Bf4 Bxf4 13. Nxf4 Bb7 14. Rac1 a5 15. b3 Rac8 16. Qb2 Rfd8 17. Rfd1 Ba6 18. a4 Bb7 19. e3 Re8 20. Bf1 Ndf6 21. Ne5 c5 22. Rc2 Rc7 23. Rdc1 Rec8 24. Qa3 g5 25. Nfd3 g4 26. Qb2 Ng5 27. Bg2 Nfe4 28. Nf4 Re8 29. h4 gxh3 30. Nxh3 Nxh3+ 31. Bxh3 cxd4 32. exd4 dxc4 33. Rxc4 1/2-1/2

[Event "Ch Bosnia & Herzegovina (team)"]
[Site "Vogosca (Bosnia & Herzegovina"]
[Date "2007.06.04"]
[Round "3"]
[White "Miladinovic Igor (GRE)"]
[Black "Sedlak Nikola (SCG)"]
[Result "1/2-1/2"]
[WhiteElo "2607"]
[BlackElo "2575"]
[PlyCount "66"]
[EventDate "2007.??.??"]
[Source "www.chesslib.no"]
[SourceDate "2004.05.04"]

1. d4 e6 2. c4 f5 3. g3 Nf6 4. Bg2 c6 5. Nf3 d5 6. O-O Bd6 7. b3 Qe7 8. Bb2 O-O 9. Nbd2 b6 10. Ne5 Bb7 11. Rc1 a5 12. Ndf3 Na6 13. Qc2 Ne4 14. Qb1 Bxe5 15. dxe5 c5 16. e3 Nc7 17. Rfd1 Qf7 18. Ne1 Qh5 19. f3 Ng5 20. h4 Nf7 21. Nd3 Rad8 22. Nf4 Qh6 23. Kf2 Nh8 24. h5 Nf7 25. Qc2 Qg5 26. a3 Qe7 27. Bc3 Ng5 28. Qb2 Bc6 29. Rd2 Rd7 30. Rcd1 Rfd8 31. Rd3 Ra8 32. Qd2 Rad8 33. Qb2 Ra8 1/2-1/2

[Event "Hofmann Cup"]
[Site "Baden-Baden"]
[Date "1995.??.??"]
[Round "4"]
[White "Dautov, Rustem"]
[Black "Vaisser, Anatoli"]
[Result "1-0"]
[WhiteElo "2620"]
[BlackElo "2555"]
[PlyCount "60"]
[EventDate "1995.??.??"]
[Source "www.chesslib.no"]
[SourceDate "2004.05.04"]

1. d4 e6 2. c4 f5 3. g3 Nf6 4. Bg2 c6 5. Nf3 d5 6. O-O Bd6 7. b3 Qe7 8. Ne5 b6 9. cxd5 exd5 10. Bb2 Bb7 11. Qc2 g6 12. Nd2 Nbd7 13. Ndf3 Rc8 14. a4 a5 15. Rac1 O-O 16. Ba1 Nb8 17. Nd3 Na6 18. Nfe5 Nb4 19. Qd2 Ne4 20. Qe3 Rc7 21. f3 Nf6 22. Qd2 c5 23. Rfd1 Rfc8 24. e3 c4 25. bxc4 dxc4 26. Nf4 Nbd5 27. Nxd5 Bxd5 28. Bc3 Ba8 29. Ba1 Bd5 30. Bf1 f4 1-0

[Event "EU-ch 4th"]
[Site "?"]
[Date "2003.06.06"]
[Round "7"]
[White "Ftacnik Lubomir"]
[Black "Vaisser Anatoli"]
[Result "1-0"]
[WhiteElo "2611"]
[BlackElo "2563"]
[PlyCount "73"]
[EventDate "2003.??.??"]
[Source "www.chesslib.no"]
[SourceDate "2004.05.04"]

1. Nf3 f5 2. g3 Nf6 3. Bg2 e6 4. c4 d5 5. O-O c6 6. d4 Bd6 7. b3 Qe7 8. Ne5 b5 9. cxb5 cxb5 10. Bf4 O-O 11. Nd2 Nh5 12. Ndf3 Nxf4 13. gxf4 Ba3 14. Qd3 a6 15. Rab1 Bb7 16. Ng5 Bd6 17. Qh3 h6 18. Ng6 Qe8 19. Nxf8 hxg5 20. Nh7 Bxf4 21. e3 g4 22. Qh4 Bd6 23. f4 gxf3 24. Nf6+ gxf6 25. Bxf3 Nd7 26. Kh1 Kf8 27. Rg1 Rc8 28. Qh7 Qf7 29. Qh6+ Ke7 30. Rg7 Rc2 31. Rxf7+ Kxf7 32. h4 Rxa2 33. Bh5+ Ke7 34. Qh8 Ba3 35. Rg1 Bc6 36. Be8 Bd6 37. Rg7+ 1-0

[Event "EUCup ZSKA-Sofia"]
[Site "Sofia"]
[Date "1989.??.??"]
[Round "?"]
[White "Georgiev, Kiril"]
[Black "Dolmatov, Sergey"]
[Result "0-1"]
[WhiteElo "2590"]
[BlackElo "2580"]
[PlyCount "110"]
[EventDate "1989.??.??"]
[Source "www.chesslib.no"]
[SourceDate "2004.05.04"]

1. d4 e6 2. c4 f5 3. g3 Nf6 4. Bg2 c6 5. Nf3 d5 6. Qc2 Bd6 7. Bf4 Bxf4 8. gxf4 O-O 9. e3 b6 10. Ne5 Bb7 11. Nc3 Nbd7 12. O-O-O Qe7 13. Kb1 Rac8 14. Rhg1 Nxe5 15. fxe5 Ne4 16. f4 Nxc3+ 17. Qxc3 Rfd8 18. c5 bxc5 19. dxc5 Ba6 20. Rd2 Rb8 21. Ka1 Qb7 22. Rd4 Be2 23. b3 Qf7 24. Qe1 Qh5 25. Qf2 a5 26. Rd2 Bb5 27. Bf3 Qf7 28. Rd4 Qa7 29. Rc1 Rd7 30. Qd2 Rdb7 31. Rc3 a4 32. b4 a3 33. Qc1 Ra8 34. Bd1 Qa6 35. Bb3 Be2 36. Qe1 Bf3 37. Bd1 Be4 38. Be2 Qa7 39. Qc1 h6 40. h4 Kh7 41. b5 cxb5 42. c6 Rb6 43. Rb3 Rc8 44. Bxb5 Qa5 45. Ba4 Rbxc6 46. Bxc6 Rxc6 47. Qg1 Qc7 48. Rd1 Bc2 49. h5 g5 50. hxg6+ Kg7 51. Rdb1 Bxb3 52. axb3 a2 53. Rd1 Rc3 54. b4 Rc2 55. Qe1 Qc4 0-1

[Event "Piatka op"]
[Site "Swidnica"]
[Date "1997.??.??"]
[Round "?"]
[White "Krasenkow, Michal"]
[Black "Ulibin, Mikhail"]
[Result "1-0"]
[WhiteElo "2615"]
[BlackElo "2555"]
[PlyCount "49"]
[EventDate "1997.??.??"]
[Source "www.chesslib.no"]
[SourceDate "2004.05.04"]

1. d4 e6 2. c4 f5 3. g3 Nf6 4. Bg2 c6 5. Nf3 d5 6. O-O Bd6 7. Bf4 Bxf4 8. gxf4 O-O 9. Qb3 Qe7 10. Nbd2 Ne4 11. e3 Kh8 12. Kh1 Nd7 13. Qc2 Ndf6 14. Nxe4 fxe4 15. Ne5 Nd7 16. f3 Nxe5 17. dxe5 exf3 18. Rxf3 g5 19. Rg3 gxf4 20. exf4 Rxf4 21. Rg1 Bd7 22. Bf1 Qf7 23. Bd3 Rf2 24. Qd1 c5 25. Rh3 1-0

[Event "6th Festival Gp A"]
[Site "Nancy FRA"]
[Date "2008.02.23"]
[Round "8"]
[White "Bauer, Ch"]
[Black "Sikula, V."]
[Result "1-0"]
[WhiteElo "2614"]
[BlackElo "2550"]
[PlyCount "155"]
[EventDate "2008.02.18"]
[Source "www.chesslib.no"]
[SourceDate "2004.05.04"]

1. d4 f5 2. g3 Nf6 3. Bg2 e6 4. c4 c6 5. Nc3 d5 6. Nh3 Bd6 7. Bf4 Be7 8. O-O O-O 9. Rc1 Nbd7 10. Ng5 Nb6 11. c5 h6 12. Nf3 Nbd7 13. b4 g5 14. Be3 Qc7 15. Qc2 Nh7 16. b5 Kh8 17. Rfd1 Bf6 18. Qa4 Bg7 19. Ne1 Nhf6 20. Nd3 Ng4 21. Bd2 e5 22. bxc6 bxc6 23. Nxd5 cxd5 24. Ba5 Qb8 25. Rb1 Nb6 26. cxb6 axb6 27. Bxd5 Bd7 28. Qxd7 Rxa5 29. dxe5 Nxe5 30. Nxe5 Qxe5 31. e3 f4 32. exf4 gxf4 33. Rxb6 Qe2 34. Rf1 fxg3 35. hxg3 Qd2 36. Rb7 Qg5 37. Bb3 Raf5 38. Kg2 h5 39. f4 Qh6 40. Rh1 Qf6 41. Bd1 Rd8 42. Qe7 Rd2+ 43. Kh3 Qg6 44. Bf3 Rxa2 45. Rb8+ Kh7 46. Qe8 Qxe8 47. Rxe8 Kh6 48. Re6+ Rf6 49. Re5 Ra3 50. Rxh5+ Kg6 51. Kg2 Kf7 52. Bd5+ Kf8 53. Rg5 Rd6 54. Rh7 Ra7 55. Rf5+ Ke8 56. Rg5 Kf8 57. Bc4 Rc7 58. Rf5+ Ke8 59. Bb5+ Kd8 60. Rg5 Bf8 61. Rxc7 Kxc7 62. Rf5 Be7 63. Kf3 Rf6 64. Rxf6 Bxf6 65. g4 Kd6 66. g5 Bd8 67. Bc4 Ba5 68. Kg4 Bd2 69. f5 Ke5 70. f6 Bb4 71. Bb3 Bc5 72. Kh5 Bb4 73. Kh6 Bf8+ 74. Kg6 Kf4 75. Kh5 Kf5 76. Bc2+ Ke5 77. Bd1 Kf4 78. g6 1-0

[Event "Abu Dhabi"]
[Site "?"]
[Date "2004.??.??"]
[Round "?"]
[White "Vladimirov, E."]
[Black "Gleizerov, E."]
[Result "1/2-1/2"]
[WhiteElo "2625"]
[BlackElo "2535"]
[PlyCount "46"]
[EventDate "2004.??.??"]
[Source "Chess Informant"]
[SourceDate "2004.06.01"]

1. d4 e6 2. c4 f5 3. g3 Nf6 4. Bg2 c6 5. Nf3 d5 6. O-O Bd6 7. Ne5 O-O 8. Nd2 b6 9. Ndf3 Ne4 10. Qc2 Qe7 11. cxd5 cxd5 12. Be3 Bb7 13. Rac1 Nd7 14. Bf4 Rac8 15. Qa4 Nxe5 16. Bxe5 Rxc1 17. Rxc1 Rc8 18. Rxc8+ Bxc8 19. e3 Qd7 20. Qc2 Ba6 21. Bxd6 Nxd6 22. Ne5 Qc8 23. Qxc8+ Nxc8 1/2-1/2

[Event "EUCup final"]
[Site "Ljubljana"]
[Date "1995.??.??"]
[Round "1"]
[White "Pinter, Jozsef"]
[Black "Lobron, Eric"]
[Result "1-0"]
[WhiteElo "2565"]
[BlackElo "2595"]
[PlyCount "95"]
[EventDate "1995.12.??"]
[Source "ChessBase"]

1. d4 e6 2. c4 f5 3. g3 Nf6 4. Bg2 c6 5. Qc2 d5 6. Nh3 Bd6 7. Bf4 Be7 8. O-O Na6 9. a3 h6 10. Be5 g5 11. b4 O-O 12. b5 Nb8 13. cxd5 cxd5 14. Nd2 Nbd7 15. Bc7 Qe8 16. f3 Qf7 17. Nf2 Ne8 18. Ba5 Nd6 19. a4 a6 20. bxa6 Rxa6 21. Bb4 Rc6 22. Qa2 Qg7 23. Nb3 Nc4 24. Bxe7 Qxe7 25. Nd3 b6 26. Rfc1 Ba6 27. Rc2 Rfc8 28. Rac1 Qd6 29. Kf2 Kf7 30. Bf1 f4 31. Bh3 R6c7 32. Rc3 h5 33. Qb1 fxg3+ 34. hxg3 Rh8 35. f4 h4 36. Ne5+ Ndxe5 37. dxe5 Qb4 38. Bxe6+ Ke7 39. Qg6 hxg3+ 40. Kg1 Rf8 41. Bxd5 Kd8 42. Bxc4 Rxc4 43. Qd3+ Ke7 44. Rxc4 Bxc4 45. Qxc4 Rxf4 46. Qd5 Kf8 47. e6 Qe7 48. Nd4 1-0

[Event "Mamaia"]
[Site "?"]
[Date "1991.??.??"]
[Round "?"]
[White "Akopian, V."]
[Black "Ulibin, M."]
[Result "1-0"]
[WhiteElo "2590"]
[BlackElo "2565"]
[PlyCount "89"]
[EventDate "1991.??.??"]
[Source "ChessBase"]
[SourceDate "1991.10.01"]

1. d4 e6 2. c4 f5 3. g3 Nf6 4. Bg2 c6 5. Nf3 d5 6. O-O Bd6 7. b3 Qe7 8. a4 a5 9. Ba3 Bxa3 10. Nxa3 b6 11. Ne5 O-O 12. Qc2 Bb7 13. Rfc1 Na6 14. cxd5 cxd5 15. Nb5 Rfc8 16. Qd2 Nb4 17. h3 Ne4 18. Bxe4 dxe4 19. Rxc8+ Rxc8 20. Rc1 Rxc1+ 21. Qxc1 Nd5 22. e3 g5 23. Qd1 Ba6 24. Qh5 Bxb5 25. axb5 Kg7 26. Kh2 Nc7 27. Nc6 Qf6 28. Qe2 Nd5 29. Ne5 Qe7 30. Kg2 Qd8 31. Qh5 Qe7 32. Kf1 Qf6 33. Ke1 Qe7 34. Nc6 Qf6 35. Qe8 f4 36. exf4 gxf4 37. g4 e3 38. Ne5 exf2+ 39. Kxf2 Qh4+ 40. Ke2 Nc3+ 41. Kd3 Qxh3+ 42. Kc2 Nd5 43. Qf7+ Kh6 44. Qxe6+ Kg5 45. Qxd5 1-0

[Event "6. EICC"]
[Site "?"]
[Date "2005.06.27"]
[Round "9"]
[White "Inarkiev Ernesto"]
[Black "Iljushin Alexei"]
[Result "0-1"]
[WhiteElo "2612"]
[BlackElo "2543"]
[PlyCount "244"]
[EventDate "2005.??.??"]
[Source "www.chesslib.no"]
[SourceDate "2004.05.04"]

1. d4 e6 2. c4 f5 3. g3 Nf6 4. Bg2 c6 5. Qc2 d5 6. Nh3 Bd6 7. O-O O-O 8. Nd2 Qe7 9. b3 Bd7 10. Bb2 Be8 11. Rae1 Nbd7 12. Qc1 Rd8 13. f3 e5 14. cxd5 Nxd5 15. e4 fxe4 16. Nxe4 Bb4 17. Re2 exd4 18. Bxd4 Ba3 19. Qa1 Bc5 20. Nxc5 Qxe2 21. Re1 Qd2 22. Ne6 Bg6 23. Bxa7 N7f6 24. Nxd8 Rxd8 25. Rd1 Rf8 26. Rf1 Qe2 27. Bb6 Nxb6 28. Qc3 Rc8 29. Nf4 Qxa2 30. Ra1 Qc2 31. Qe3 Nbd7 32. Rc1 Re8 33. Rxc2 Rxe3 34. Rxc6 Rxb3 35. Nxg6 hxg6 36. Re6 g5 37. Re2 Kf7 38. Kf2 Nc5 39. Bf1 Nfd7 40. Kg2 Kf6 41. Rd2 Ne5 42. Be2 Ncd3 43. Rd1 Rb2 44. Kf1 Nc5 45. Rd6+ Ne6 46. Kf2 Ke7 47. Rd5 Ng6 48. Rd3 Kf6 49. Ke1 Ke5 50. Rd2 Rxd2 51. Kxd2 Kd4 52. Bd1 Ne5 53. Ke2 Nc7 54. f4 gxf4 55. gxf4 Ng4 56. Kf3 Nf6 57. Bc2 Ncd5 58. Bg6 Kc5 59. Bf7 Kd6 60. Bg6 Ke7 61. Kg3 Ng8 62. Kf3 Kf6 63. Bd3 Nge7 64. Be4 Nc3 65. Bd3 Ng6 66. Bc4 Na4 67. Kg4 Nc5 68. h3 Ne7 69. Ba2 Ne6 70. Bb3 Nd4 71. Bc4 Nef5 72. Bd3 Ne3+ 73. Kg3 Ne6 74. Be4 Nd1 75. Bf3 Nc3 76. Kg4 Nd4 77. Bxb7 Na4 78. Bd5 Nc5 79. Ba2 Nf5 80. Bb1 Nh6+ 81. Kf3 Ne6 82. Bd3 Nf5 83. Be4 Nc5 84. Bb1 Nh4+ 85. Kg3 Ng6 86. Kg4 Ne7 87. Ba2 Kg6 88. Bb1+ Kh6 89. Ba2 Ne4 90. Bf7 Nf6+ 91. Kf3 Ng6 92. Bb3 Nh5 93. f5 Ne5+ 94. Ke4 Nd7 95. Bd1 Kg5 96. Kd4 Nhf6 97. Bc2 Kh4 98. Ke3 Kxh3 99. Kf4 Kh4 100. Ba4 Nh5+ 101. Ke3 Ndf6 102. Kd4 Kg5 103. Ke5 Ng4+ 104. Ke6 Nh6 105. Bc2 Ng3 106. f6 gxf6 107. Bd3 Nhf5 108. Bb1 Ne2 109. Kf7 Nc3 110. Bd3 Nd6+ 111. Ke6 Nde4 112. Bf1 f5 113. Ke5 f4 114. Bg2 Kg4 115. Kd4 Kg3 116. Bh1 Nf2 117. Bb7 Nfe4 118. Ba6 f3 119. Ke3 f2 120. Bf1 Kh2 121. Kd4 Ng3 122  Ke3 Nd1+ 0-1

[Event "Yerevan op"]
[Site "Yerevan"]
[Date "1996.??.??"]
[Round "8"]
[White "Malaniuk, Vladimir P"]
[Black "Vaisser, Anatoli"]
[Result "1/2-1/2"]
[WhiteElo "2585"]
[BlackElo "2565"]
[PlyCount "72"]
[EventDate "1996.??.??"]
[Source "www.chesslib.no"]
[SourceDate "2004.05.04"]

1. d4 e6 2. c4 f5 3. g3 Nf6 4. Bg2 d5 5. Nf3 c6 6. O-O Bd6 7. b3 Qe7 8. a4 a5 9. Ba3 b6 10. Ne5 Bb7 11. cxd5 cxd5 12. Bxd6 Qxd6 13. Na3 O-O 14. Nb5 Qe7 15. Rc1 Na6 16. Qd2 Rfc8 17. Rxc8+ Rxc8 18. Rc1 Rxc1+ 19. Qxc1 Ne8 20. h3 Nb4 21. Bf1 Ba6 22. e3 Bxb5 23. Bxb5 Qc7 24. Qd1 Nf6 25. g4 g6 26. Kg2 Kf8 27. Qf3 Qc2 28. Qg3 Qe4+ 29. Kh2 Kg7 30. gxf5 exf5 31. Qg5 Qc2 32. Qf4 Qe4 33. Qxe4 fxe4 34. Kg3 g5 35. h4 h6 36. hxg5 hxg5 1/2-1/2

[Event "Corr"]
[Site "?"]
[Date "1999.06.30"]
[Round "?"]
[White "Sloth Jorn"]
[Black "Samarin Igor Valerievich (R"]
[Result "0-1"]
[WhiteElo "2610"]
[BlackElo "2535"]
[PlyCount "134"]
[EventDate "1999.??.??"]
[Source "www.chesslib.no"]
[SourceDate "2004.05.04"]

1. d4 e6 2. c4 f5 3. Nf3 Nf6 4. g3 d5 5. Bg2 c6 6. O-O Bd6 7. Nc3 O-O 8. Qc2 Ne4 9. Rb1 Qe7 10. Bf4 Bxf4 11. gxf4 Bd7 12. b4 Be8 13. e3 Nd7 14. c5 Bh5 15. Nd2 Kh8 16. f3 Nxc3 17. Qxc3 Rg8 18. Rf2 Nf8 19. Nf1 Be8 20. Ng3 h6 21. a4 g5 22. b5 Nh7 23. fxg5 hxg5 24. e4 f4 25. Nf1 g4 26. fxg4 Rxg4 27. h3 Rh4 28. Nh2 Ng5 29. Ng4 f3 30. Rxf3 Nxf3+ 31. Qxf3 Bh5 32. bxc6 bxc6 33. Qf6+ Qxf6 34. Nxf6 Bg6 35. Ng4 dxe4 36. Kh2 Bf5 37. Kg3 Rh7 38. Kf4 Rd8 39. Ke3 Rg8 40. a5 Rh4 41. Rh1 a6 42. Rf1 Rg7 43. Rf2 Kg8 44. Rf4 Kf8 45. Kf2 Ke7 46. Kg3 Rh8 47. Bxe4 Bxe4 48. Rxe4 Rgh7 49. Nf2 Rb8 50. Re3 Rb4 51. Rd3 Kd7 52. Ng4 Kc7 53. Ne5 Rh5 54. Nf3 Ra4 55. Re3 Rh6 56. h4 Rxa5 57. Kf4 Ra2 58. Kg5 Rh8 59. Kf6 Rg2 60. Ne5 Rxh4 61. Ra3 Rf4+ 62. Ke7 Rg7+ 63. Kxe6 Rg8 64. Ke7 Ra8 65. Rh3 Rff8 66. Nf7 Rae8+ 67. Kf6 a5 0-1

[Event "Corr"]
[Site "?"]
[Date "1999.??.??"]
[Round "?"]
[White "Berdichesky Ruben"]
[Black "Bonatti Walter Fabian"]
[Result "1-0"]
[WhiteElo "2635"]
[BlackElo "2510"]
[PlyCount "65"]
[EventDate "1999.??.??"]
[Source "www.chesslib.no"]
[SourceDate "2004.05.04"]

1. d4 e6 2. c4 f5 3. g3 Nf6 4. Bg2 d5 5. Nf3 c6 6. O-O Bd6 7. b3 Qe7 8. Bb2 O-O 9. Ne5 Bd7 10. Nd2 Be8 11. Ndf3 Nbd7 12. Nd3 Ng4 13. Qc1 dxc4 14. bxc4 e5 15. c5 Bc7 16. dxe5 Ngxe5 17. Nfxe5 Nxe5 18. Qe3 Ng6 19. Qxe7 Nxe7 20. Be5 Bxe5 21. Nxe5 b6 22. Rab1 f4 23. Rfc1 fxg3 24. hxg3 Rf6 25. cxb6 axb6 26. Rxb6 Rxa2 27. Rb8 Rf8 28. Bh3 Bf7 29. Rb7 Re8 30. e4 Rd2 31. Nxf7 Kxf7 32. Rxc6 Rd4 33. Be6+ 1-0

[Event "32. TCh-GRE"]
[Site "?"]
[Date "2003.07.07"]
[Round "4"]
[White "Gustafsson Jan"]
[Black "Agdestein Simen"]
[Result "1/2-1/2"]
[WhiteElo "2570"]
[BlackElo "2571"]
[PlyCount "25"]
[EventDate "2003.??.??"]
[Source "www.chesslib.no"]
[SourceDate "2004.05.04"]

1. d4 e6 2. c4 f5 3. g3 Nf6 4. Bg2 d5 5. Nh3 Bd6 6. O-O O-O 7. Qc2 c6 8. Bf4 b6 9. Bxd6 Qxd6 10. Nd2 Bb7 11. Rac1 Ne4 12. Nxe4 dxe4 13. Rcd1 1/2-1/2

[Event "Chalkidiki"]
[Site "?"]
[Date "1992.??.??"]
[Round "?"]
[White "Ulibin, M."]
[Black "Psakhis, L."]
[Result "1/2-1/2"]
[WhiteElo "2570"]
[BlackElo "2570"]
[PlyCount "126"]
[EventDate "1992.??.??"]
[Source "ChessBase"]
[SourceDate "1992.10.01"]

1. d4 f5 2. g3 Nf6 3. Bg2 e6 4. c4 c6 5. Nh3 d5 6. O-O Bd6 7. Bf4 Be7 8. Bg5 O-O 9. Nf4 h6 10. Bxf6 Bxf6 11. e3 Qe8 12. Nd2 a5 13. Rc1 Be7 14. Nd3 Nd7 15. c5 Bd8 16. Nf3 Bc7 17. Qb3 Kh7 18. Nfe5 Nxe5 19. Nxe5 Rb8 20. Qc3 Bd7 21. b3 Qe7 22. Rfe1 g5 23. Bf1 Kg7 24. a3 h5 25. b4 h4 26. bxa5 hxg3 27. hxg3 Qd8 28. a6 Ba5 29. Qd3 Bxe1 30. Rxe1 bxa6 31. Qxa6 Qc7 32. a4 Rb7 33. a5 Rfb8 34. Qe2 Be8 35. Ra1 Rb2 36. Qd3 Qb7 37. a6 Qb3 38. a7 Ra8 39. Qa6 Qc2 40. Nd3 Rb3 41. Ra4 Qb1 42. Ra1 Qc2 43. Ra4 Qb1 44. Rb4 Rxb4 45. Nxb4 Bf7 46. Nxc6 f4 47. Qb6 Qe1 48. exf4 Rh8 49. Qa6 Qe4 50. Bg2 Qb1+ 51. Qf1 Qb7 52. Ne5 gxf4 53. Qc1 fxg3 54. Qg5+ Kf8 55. Qd8+ Kg7 56. Qg5+ Kf8 57. Qd8+ Kg7 58. Qb6 gxf2+ 59. Kxf2 Qe7 60. c6 Qh4+ 61. Kf1 Qf4+ 62. Nf3 Qc1+ 63. Kf2 Qc2+ 1/2-1/2

[Event "05.OIBayEM Bad Wiessee op"]
[Site "?"]
[Date "2001.11.03"]
[Round "8"]
[White "Babula Vlastimil"]
[Black "Gleizerov Evgeny"]
[Result "1/2-1/2"]
[WhiteElo "2565"]
[BlackElo "2575"]
[PlyCount "30"]
[EventDate "2001.??.??"]
[Source "www.chesslib.no"]
[SourceDate "2004.05.04"]

1. d4 e6 2. c4 f5 3. g3 Nf6 4. Bg2 c6 5. Qc2 d5 6. Nh3 Bd6 7. O-O O-O 8. Nd2 b6 9. Nf3 Ne4 10. Bf4 Bb7 11. Rac1 Nd7 12. Bxd6 Nxd6 13. Nf4 Qe7 14. cxd5 exd5 15. e3 Ne4 1/2-1/2